000 00663nam a2200205 i 4500
001 27566
003 ES-MaACL
005 20230906153640.0
007 t|
008 030115s1983 sp ||||1| spa d
100 1 _aAraquistáin, Luis,
_d1886-1959
_922345
245 1 0 _aSobre la guerra civil y en la emigración /
_cLuis Araquistáin ; estudio preliminar de Javier Tusell.
260 _aMadrid :
_bEspasa-Calpe,
_c1983.
300 _a356 p. ;
_c17 cm.
490 1 _aSelecciones austral ;
_v116
700 1 _aTusell, Javier.
_9111767
830 0 _aSelecciones austral ;
_v116
_9176520
852 _aES-MaACL
_jL-7984
_bR.108499
999 _c27566
_d27566